00910nam a2200181 a 450000100100000000500170001000800410002704000250006808200160009324501250010926000770023430000300031150000210034195201190036295201130048195201190059499900150071300000480320200929151514.0090727s2005 dr c 001 0 spa d aDO-SdBNPbspacBNPHU axxxxbC766c00aConstruyendo ciudadanía :ben el desarrollo local y en la reducción de la pobreza /cEnrique de León ... [et al.]. aSanto Domingo :bPrograma Descentralización y Desarrollo Local,c2005. a74 p. :bretrs. ;c28 cm. aIncluye índice 0010718DSaGRbGRcCTd2009-07-27iLF1l0oxxxx C766cp4803-30r2020-06-25te. 3w2020-06-25yLFDSZNo se presta 0010718PDaPDbPDcCTd2009-07-27iLF1l0oxxxx C766cp4803-10r2020-06-25w2020-06-25yLFPDZNo se presta 0010718PDaPDbPDcCTd2009-07-27iLF1l0oxxxx C766cp4803-20r2020-06-25te. 2w2020-06-25yLFPDZNo se presta c4609d4609